[Event "18th HZ Open 2014"]
[Site "Vlissingen NED"]
[Date "2014.08.03"]
[Round "2.30"]
[White "Pucher, S."]
[Black "De Vleeschauwer, M."]
[Result "1-0"]
[WhiteElo "2293"]
[BlackElo "1989"]
[PlyCount "57"]
[EventDate "2014.08.02"]
[EventType "swiss"]
[EventRounds "9"]
[EventCountry "NED"]
[Source "Mark Crowther"]
[SourceDate "2014.08.04"]

1. Nf3 c5 2. c4 Nf6 3. g3 b6 4. Bg2 Bb7 5. O-O e6 6. b3 Be7 7. Bb2 O-O 8. e3 d6
9. Nc3 a6 10. Qe2 Qc7 11. Nh4 Nbd7 12. f4 Rfe8 13. d3 Bf8 14. g4 g6 15. Bxb7
Qxb7 16. e4 e5 17. fxe5 dxe5 18. g5 Nh5 19. Nd5 Bg7 20. Rf3 Nb8 21. Raf1 Rf8
22. Rh3 Nc6 23. Nf5 Nd4 24. Bxd4 exd4 25. Nxg7 Kxg7 26. Rxh5 gxh5 27. Qxh5 f5
28. gxf6+ Kh8 29. f7 1-0

[Event "18th HZ Open 2014"]
[Site "Vlissingen NED"]
[Date "2014.08.03"]
[Round "2.32"]
[White "Senders, Mischa"]
[Black "Dellaert, Sander"]
[Result "1-0"]
[WhiteElo "2223"]
[BlackElo "1585"]
[PlyCount "63"]
[EventDate "2014.08.02"]
[EventType "swiss"]
[EventRounds "9"]
[EventCountry "NED"]
[Source "Mark Crowther"]
[SourceDate "2014.08.04"]

1. e4 d6 2. d4 Nf6 3. Nc3 g6 4. Bg5 Bg7 5. Qd2 O-O 6. f4 c6 7. Nf3 b5 8. Bd3 a5
9. O-O-O Na6 10. e5 b4 11. Ne4 Nxe4 12. Bxe4 d5 13. Bd3 Qc7 14. f5 Bxf5 15.
Bxf5 gxf5 16. Bh6 f6 17. e6 a4 18. Nh4 b3 19. cxb3 axb3 20. a3 c5 21. Kb1 c4
22. Nxf5 c3 23. bxc3 Rfc8 24. Bxg7 Nb4 25. Kb2 Qa7 26. Ra1 Na2 27. Rxa2 bxa2
28. Ka1 Qxa3 29. Qc1 Qxc1+ 30. Rxc1 Ra3 31. Nxe7+ Kxg7 32. Nxc8 1-0

[Event "18th HZ Open 2014"]
[Site "Vlissingen NED"]
[Date "2014.08.03"]
[Round "2.33"]
[White "Mostertman, M."]
[Black "Blankert, Willem"]
[Result "1-0"]
[WhiteElo "2284"]
[BlackElo "1987"]
[PlyCount "43"]
[EventDate "2014.08.02"]
[EventType "swiss"]
[EventRounds "9"]
[EventCountry "NED"]
[Source "Mark Crowther"]
[SourceDate "2014.08.04"]

1. e4 e6 2. d4 d5 3. Nd2 Nf6 4. e5 Nfd7 5. c3 c5 6. Bd3 Nc6 7. Ne2 cxd4 8. cxd4
f6 9. exf6 Nxf6 10. O-O Bd6 11. Nf3 Qc7 12. Bg5 O-O 13. Rc1 h6 14. Bd2 Bd7 15.
Bc3 Ng4 16. Ng3 e5 17. dxe5 Ngxe5 18. Nxe5 Bxe5 19. Bb1 Bxg3 20. Qxd5+ Kh8 21.
fxg3 Rad8 22. Qe4 1-0

[Event "18th HZ Open 2014"]
[Site "Vlissingen NED"]
[Date "2014.08.03"]
[Round "2.35"]
[White "Afek, Y."]
[Black "Dijkstra, A."]
[Result "1/2-1/2"]
[WhiteElo "2282"]
[BlackElo "1984"]
[PlyCount "70"]
[EventDate "2014.08.02"]
[EventType "swiss"]
[EventRounds "9"]
[EventCountry "NED"]
[Source "Mark Crowther"]
[SourceDate "2014.08.04"]

1. e4 c6 2. d4 d5 3. Nc3 dxe4 4. Nxe4 Bf5 5. Ng3 Bg6 6. Nf3 Nd7 7. h4 h6 8. h5
Bh7 9. Bd3 Bxd3 10. Qxd3 Ngf6 11. Bf4 e6 12. O-O-O Be7 13. Kb1 b5 14. Ne4 Nxe4
15. Qxe4 Qb6 16. Ne5 Nxe5 17. Bxe5 f5 18. Qf3 O-O 19. Qb3 c5 20. dxc5 Bxc5 21.
Rd7 Rf7 22. Rxf7 Kxf7 23. Qg3 Bf8 24. Qg6+ Kg8 25. Rd1 Qc6 26. Rd6 Qe4 27.
Qxe6+ Kh7 28. b3 Rc8 29. Qg6+ Kg8 30. Qe6+ Kh7 31. Rd2 Rc5 32. Qg6+ Kg8 33.
Qe6+ Kh7 34. Qg6+ Kg8 35. Qe6+ Kh7 1/2-1/2

[Event "18th HZ Open 2014"]
[Site "Vlissingen NED"]
[Date "2014.08.03"]
[Round "2.36"]
[White "Bodicker, R."]
[Black "Beerdsen, Thomas"]
[Result "0-1"]
[WhiteElo "1999"]
[BlackElo "2282"]
[PlyCount "72"]
[EventDate "2014.08.02"]
[EventType "swiss"]
[EventRounds "9"]
[EventCountry "NED"]
[Source "Mark Crowther"]
[SourceDate "2014.08.04"]

1. d4 d5 2. c4 c6 3. Nc3 Nf6 4. Nf3 e6 5. Bg5 Nbd7 6. cxd5 exd5 7. e3 Be7 8.
Bd3 O-O 9. O-O b6 10. Rc1 Re8 11. Bf4 Bb7 12. a3 Nf8 13. Ne5 c5 14. Bb5 Ne6 15.
Bxe8 Nxe8 16. Bg3 Bf6 17. dxc5 bxc5 18. Qa4 d4 19. Rfd1 Bxe5 20. Bxe5 Qg5 21.
Bg3 dxc3 22. bxc3 Nf6 23. Rb1 Be4 24. Rb2 h5 25. h4 Qg4 26. Rdd2 g5 27. Qd1 Qf5
28. f3 Bc6 29. Rd6 Rc8 30. e4 Qg6 31. Qc1 g4 32. Kh2 Kh7 33. Qc2 gxf3 34. gxf3
Rg8 35. e5 Ne4 36. Qg2 Nxd6 0-1

[Event "18th HZ Open 2014"]
[Site "Vlissingen NED"]
[Date "2014.08.03"]
[Round "2.37"]
[White "Sanders, I."]
[Black "Boerkamp, Harry"]
[Result "1-0"]
[WhiteElo "2282"]
[BlackElo "1969"]
[PlyCount "55"]
[EventDate "2014.08.02"]
[EventType "swiss"]
[EventRounds "9"]
[EventCountry "NED"]
[Source "Mark Crowther"]
[SourceDate "2014.08.04"]

1. d4 d5 2. Nf3 Nc6 3. c4 Bg4 4. Nc3 e6 5. cxd5 exd5 6. Bf4 Bb4 7. e3 Nge7 8.
Be2 Qd7 9. O-O O-O-O 10. Nb5 Ba5 11. b4 Bb6 12. a4 a5 13. Ne5 Nxe5 14. Bxe5
Bxe2 15. Qxe2 f6 16. Bg3 Kb8 17. Rfc1 Rc8 18. Rab1 Nc6 19. bxa5 Nxa5 20. Nxc7
Bxc7 21. Rxc7 Rxc7 22. Qa6 Qf5 23. Bxc7+ Kc8 24. Qb5 Kxc7 25. Qxa5+ Kb8 26. Qb6
Qd7 27. a5 Rc8 28. a6 1-0

[Event "18th HZ Open 2014"]
[Site "Vlissingen NED"]
[Date "2014.08.03"]
[Round "2.38"]
[White "Kevlishvili, Robby"]
[Black "Van de Griend, J."]
[Result "1-0"]
[WhiteElo "2277"]
[BlackElo "1968"]
[PlyCount "65"]
[EventDate "2014.08.02"]
[EventType "swiss"]
[EventRounds "9"]
[EventCountry "NED"]
[Source "Mark Crowther"]
[SourceDate "2014.08.04"]

1. e4 e5 2. Nf3 Nc6 3. Bb5 Nf6 4. O-O Bc5 5. Nxe5 Nxe5 6. d4 Bxd4 7. Qxd4 Nc6
8. Bxc6 dxc6 9. Qxd8+ Kxd8 10. Bg5 Ke8 11. Bxf6 gxf6 12. Nc3 Rg8 13. f3 h5 14.
Kf2 Ke7 15. Rfe1 h4 16. Nd1 Be6 17. Ne3 a5 18. a3 a4 19. Rad1 Rgd8 20. f4 Rxd1
21. Rxd1 Ra5 22. f5 Bd7 23. c3 Ra8 24. Kf3 Rg8 25. Rd2 Rg5 26. Kf4 Rg8 27. Rd4
b5 28. Rd2 Bc8 29. Ng4 Rg5 30. Nxf6 Rxf5+ 31. exf5 Kxf6 32. Rd8 Bxf5 33. Rh8
1-0

[Event "18th HZ Open 2014"]
[Site "Vlissingen NED"]
[Date "2014.08.03"]
[Round "2.39"]
[White "Senders, Justin"]
[Black "Raghavi, N."]
[Result "0-1"]
[WhiteElo "1994"]
[BlackElo "2275"]
[PlyCount "62"]
[EventDate "2014.08.02"]
[EventType "swiss"]
[EventRounds "9"]
[EventCountry "NED"]
[Source "Mark Crowther"]
[SourceDate "2014.08.04"]

1. e4 c5 2. c3 Nf6 3. e5 Nd5 4. d4 cxd4 5. cxd4 d6 6. Nf3 Nc6 7. Bc4 e6 8. O-O
Be7 9. Qe2 Na5 10. Bd3 Nb4 11. exd6 Qxd6 12. Be4 O-O 13. Nc3 Nac6 14. Rd1 Nd5
15. Bg5 h6 16. Bxe7 Ncxe7 17. Ne5 Nf6 18. Bc2 Ned5 19. Nxd5 Qxd5 20. Qd3 Rd8
21. f3 Bd7 22. a4 Rac8 23. Rac1 Qa5 24. Qa3 Be8 25. b4 Qa6 26. a5 Nd5 27. Bd3
Qd6 28. Rc5 b6 29. Rxd5 Qxd5 30. Be4 Qd6 31. a6 f6 0-1

[Event "18th HZ Open 2014"]
[Site "Vlissingen NED"]
[Date "2014.08.03"]
[Round "2.40"]
[White "Dardha, A."]
[Black "Van Houtte, R."]
[Result "1-0"]
[WhiteElo "2272"]
[BlackElo "1967"]
[PlyCount "49"]
[EventDate "2014.08.02"]
[EventType "swiss"]
[EventRounds "9"]
[EventCountry "NED"]
[Source "Mark Crowther"]
[SourceDate "2014.08.04"]

1. e4 g6 2. d4 Bg7 3. Nc3 c6 4. Nf3 d6 5. Be3 Nf6 6. h3 O-O 7. Qd2 b5 8. a3 a5
9. Bd3 Na6 10. O-O Nc7 11. Rfe1 Ba6 12. Ne2 Ne6 13. Ng3 Qc7 14. c3 d5 15. e5
Nd7 16. Bh6 a4 17. Bxg7 Kxg7 18. Ng5 Nxg5 19. Qxg5 e6 20. Nh5+ Kh8 21. Nf6 Nxf6
22. exf6 Qd6 23. h4 Ra7 24. Re5 Bc8 25. Qh6 1-0

[Event "18th HZ Open 2014"]
[Site "Vlissingen NED"]
[Date "2014.08.03"]
[Round "2.41"]
[White "Engelaer, M."]
[Black "Linster, P."]
[Result "1/2-1/2"]
[WhiteElo "1989"]
[BlackElo "2269"]
[PlyCount "83"]
[EventDate "2014.08.02"]
[EventType "swiss"]
[EventRounds "9"]
[EventCountry "NED"]
[Source "Mark Crowther"]
[SourceDate "2014.08.04"]

1. e4 e5 2. Bc4 Nf6 3. d3 Nc6 4. Nc3 Na5 5. Nge2 d6 6. O-O Be7 7. f4 O-O 8. Kh1
c6 9. a3 Nxc4 10. dxc4 exf4 11. Nxf4 Ng4 12. Nd3 Bg5 13. Qf3 Bxc1 14. Raxc1 Ne5
15. Nxe5 dxe5 16. Rcd1 Qh4 17. Rd3 Be6 18. b3 Rad8 19. Qe3 b6 20. Ne2 Qe7 21.
a4 Rd7 22. Rfd1 Rfd8 23. Kg1 g6 24. Rxd7 Rxd7 25. Rxd7 Qxd7 26. Qd3 Kg7 27.
Qxd7 Bxd7 28. Kf2 f5 29. Nc3 fxe4 30. Nxe4 Bf5 31. Ke3 Bxe4 32. Kxe4 Kf6 33. b4
h5 34. g3 Ke6 35. h3 Kf6 36. c5 bxc5 37. bxc5 g5 38. g4 hxg4 39. hxg4 a5 40.
Ke3 Ke7 41. Kd3 Kd7 42. Ke3 1/2-1/2

[Event "18th HZ Open 2014"]
[Site "Vlissingen NED"]
[Date "2014.08.03"]
[Round "2.42"]
[White "Schippers, Maurice"]
[Black "Van de Breevaart, Rick"]
[Result "1-0"]
[WhiteElo "2267"]
[BlackElo "1957"]
[PlyCount "45"]
[EventDate "2014.08.02"]
[EventType "swiss"]
[EventRounds "9"]
[EventCountry "NED"]
[Source "Mark Crowther"]
[SourceDate "2014.08.04"]

1. e4 d5 2. exd5 Nf6 3. d4 e6 4. dxe6 Bxe6 5. Nf3 Be7 6. Be2 O-O 7. O-O c6 8.
c4 Nbd7 9. Nc3 Nb6 10. b3 Qc7 11. Qc2 h6 12. Re1 Rad8 13. Bb2 Rd7 14. Rad1 Rfd8
15. Ne5 Rxd4 16. Rxd4 Rxd4 17. Nb5 cxb5 18. Bxd4 Nbd5 19. Qc1 Nb4 20. a3 Bd6
21. axb4 Bxe5 22. Bxe5 Qxe5 23. Bg4 1-0

[Event "18th HZ Open 2014"]
[Site "Vlissingen NED"]
[Date "2014.08.03"]
[Round "2.43"]
[White "Dijkhuis, Sven"]
[Black "Kartsev, So"]
[Result "0-1"]
[WhiteElo "1985"]
[BlackElo "2264"]
[PlyCount "72"]
[EventDate "2014.08.02"]
[EventType "swiss"]
[EventRounds "9"]
[EventCountry "NED"]
[Source "Mark Crowther"]
[SourceDate "2014.08.04"]

1. e4 c5 2. Nf3 d6 3. Bb5+ Nd7 4. d4 cxd4 5. Qxd4 a6 6. Bxd7+ Bxd7 7. c4 e6 8.
O-O Bc6 9. Nc3 Nf6 10. Bg5 h6 11. Bh4 Be7 12. Rfd1 O-O 13. a4 Qa5 14. Bg3 Rfd8
15. Nd2 Rac8 16. Qe3 Re8 17. Rdb1 d5 18. cxd5 exd5 19. e5 Nh5 20. Nf3 Nxg3 21.
hxg3 Bc5 22. Qf4 Qb6 23. Nd1 a5 24. Rc1 d4 25. Nh4 Be7 26. Nf5 Bg5 27. Qg4 Rxe5
28. Nxh6+ Bxh6 29. Qxc8+ Kh7 30. Qg4 Bxc1 31. Rxc1 Qb4 32. Qh4+ Kg8 33. Qd8+
Re8 34. Qh4 Qd2 35. Ra1 Re1+ 36. Kh2 Re6 0-1

[Event "18th HZ Open 2014"]
[Site "Vlissingen NED"]
[Date "2014.08.03"]
[Round "2.44"]
[White "Provoost, S."]
[Black "Vanhuyse, Nele"]
[Result "1-0"]
[WhiteElo "2260"]
[BlackElo "1949"]
[PlyCount "67"]
[EventDate "2014.08.02"]
[EventType "swiss"]
[EventRounds "9"]
[EventCountry "NED"]
[Source "Mark Crowther"]
[SourceDate "2014.08.04"]

1. d4 Nf6 2. Nf3 e6 3. Bf4 c5 4. e3 Be7 5. h3 b6 6. Nbd2 O-O 7. c3 Bb7 8. Bd3
d6 9. O-O cxd4 10. exd4 Ba6 11. Nc4 b5 12. Ne3 Qb6 13. a3 Bb7 14. Qe2 a6 15.
Nf5 Qc7 16. Nxe7+ Qxe7 17. a4 b4 18. cxb4 Nc6 19. b5 axb5 20. Bxb5 Nb4 21. Bg5
Rfc8 22. Rfc1 h6 23. Be3 Nfd5 24. Rxc8+ Rxc8 25. Rc1 Ra8 26. Bd2 Qf6 27. Rc4
Na6 28. b4 Nac7 29. Rc1 Nxb5 30. Qxb5 Ba6 31. Qc6 Ra7 32. Qxd6 Kh7 33. b5 Bb7
34. Qb8 1-0

[Event "18th HZ Open 2014"]
[Site "Vlissingen NED"]
[Date "2014.08.03"]
[Round "2.45"]
[White "Sparreboom, W."]
[Black "Visser, HJ."]
[Result "0-1"]
[WhiteElo "1973"]
[BlackElo "2256"]
[PlyCount "78"]
[EventDate "2014.08.02"]
[EventType "swiss"]
[EventRounds "9"]
[EventCountry "NED"]
[Source "Mark Crowther"]
[SourceDate "2014.08.04"]

1. d4 Nf6 2. c4 c5 3. d5 b5 4. cxb5 a6 5. bxa6 g6 6. Nc3 Bxa6 7. e4 Bxf1 8.
Kxf1 d6 9. g3 Bg7 10. Kg2 O-O 11. h3 Nbd7 12. Nf3 Qa5 13. Re1 Rfb8 14. Re2 Ne8
15. Bg5 Nb6 16. Qd3 Qa6 17. Qxa6 Rxa6 18. e5 Nc4 19. exd6 exd6 20. Rae1 Raa8
21. b3 Nb6 22. Nb5 Nxd5 23. Bd2 h6 24. a4 Ndc7 25. Nxc7 Nxc7 26. Bf4 Ne6 27.
Bxd6 Rxb3 28. Ne5 Nd4 29. Ra2 Rc3 30. a5 Nb5 31. Rd1 Nxd6 32. Nd7 Nb5 33. Nb6
Ra6 34. Rd8+ Kh7 35. Rd7 Ra7 36. Rd8 Ra3 37. Rxa3 Nxa3 38. Ra8 Rxa8 39. Nxa8 c4
0-1

[Event "18th HZ Open 2014"]
[Site "Vlissingen NED"]
[Date "2014.08.03"]
[Round "2.46"]
[White "Huijzer, Ja"]
[Black "Beeke, B."]
[Result "0-1"]
[WhiteElo "1969"]
[BlackElo "2243"]
[PlyCount "106"]
[EventDate "2014.08.02"]
[EventType "swiss"]
[EventRounds "9"]
[EventCountry "NED"]
[Source "Mark Crowther"]
[SourceDate "2014.08.04"]

1. e4 c5 2. Nf3 d6 3. Bb5+ Nc6 4. d4 cxd4 5. Nxd4 Bd7 6. Nc3 Nf6 7. O-O e6 8.
Be3 a6 9. Be2 b5 10. Bf3 Qc7 11. Nce2 Rc8 12. c3 Be7 13. Rc1 Ne5 14. Ng3 Nc4
15. Qe2 h5 16. h4 Nxe3 17. Qxe3 g6 18. Nge2 e5 19. Nb3 Ng4 20. Bxg4 hxg4 21. g3
Bc6 22. c4 b4 23. c5 d5 24. exd5 Bxd5 25. Rfe1 g5 26. Ned4 Bf6 27. Nf5 Kf8 28.
Nd6 gxh4 29. Ne4 Bg7 30. Qg5 hxg3 31. fxg3 Rh6 32. Rcd1 Be6 33. Rd6 Qe7 34. Rf1
Qxg5 35. Nxg5 Bc4 36. Rf2 Rxd6 37. cxd6 Bh6 38. Rf5 Bxg5 39. Rxg5 Bxb3 40. axb3
Rc1+ 41. Kf2 f6 42. Rxg4 a5 43. Ke2 Rc6 44. Ke3 Kf7 45. d7 Rd6 46. Rc4 Rxd7 47.
Rc5 Kg6 48. Rxa5 Kg5 49. Rc5 Kg4 50. Rc6 f5 51. Rg6+ Kh5 52. Rf6 Kg5 53. Rc6 e4
0-1

[Event "18th HZ Open 2014"]
[Site "Vlissingen NED"]
[Date "2014.08.03"]
[Round "2.47"]
[White "De Hert, O."]
[Black "Michalczak, T."]
[Result "1/2-1/2"]
[WhiteElo "1967"]
[BlackElo "2230"]
[PlyCount "118"]
[EventDate "2014.08.02"]
[EventType "swiss"]
[EventRounds "9"]
[EventCountry "NED"]
[Source "Mark Crowther"]
[SourceDate "2014.08.04"]

1. d4 d5 2. c4 e6 3. Nc3 Nf6 4. cxd5 exd5 5. Bg5 Nbd7 6. e3 c6 7. Bd3 Be7 8.
Qc2 Nh5 9. Bxe7 Qxe7 10. Nge2 g6 11. O-O O-O 12. Rab1 Nb6 13. Na4 Nxa4 14. Qxa4
Be6 15. b4 a6 16. Qc2 Ng7 17. a4 Rfc8 18. Rfc1 h5 19. Nf4 Bd7 20. Qc5 Qd8 21.
a5 Bf5 22. Bxf5 Nxf5 23. Qc2 Qd7 24. Rb3 Re8 25. Nd3 Nd6 26. Ne5 Qe6 27. Qe2
Nb5 28. Qf3 Re7 29. h3 Kg7 30. Qg3 Rae8 31. Nd3 Qd6 32. Qxd6 Nxd6 33. Nc5 Nc4
34. h4 f6 35. g3 g5 36. hxg5 fxg5 37. Rd3 Kg6 38. Kg2 Rh8 39. Rh1 Kf7 40. g4 h4
41. Rh3 Kg7 42. Rf3 Rf8 43. Rxf8 Kxf8 44. Kh3 Ke8 45. f4 Nxe3 46. fxg5 Nc2 47.
g6 Kf8 48. Kxh4 Kg7 49. Kg5 Nxb4 50. Rb3 Nc2 51. Rxb7 Rxb7 52. Nxb7 Nxd4 53.
Nc5 Nf3+ 54. Kf4 Nd2 55. Kf5 Nc4 56. Ne6+ Kg8 57. Kf6 Nd6 58. Ke5 Nc4+ 59. Kf6
Nd6 1/2-1/2

[Event "18th HZ Open 2014"]
[Site "Vlissingen NED"]
[Date "2014.08.03"]
[Round "2.48"]
[White "Rebers, E."]
[Black "Timmermans, Adri"]
[Result "1-0"]
[WhiteElo "2240"]
[BlackElo "1809"]
[PlyCount "89"]
[EventDate "2014.08.02"]
[EventType "swiss"]
[EventRounds "9"]
[EventCountry "NED"]
[Source "Mark Crowther"]
[SourceDate "2014.08.04"]

1. Nf3 b5 2. e4 Bb7 3. d3 c5 4. g3 e6 5. Bg2 Nf6 6. Nbd2 a5 7. O-O b4 8. Re1
Be7 9. c4 Nc6 10. d4 cxd4 11. e5 Ng4 12. h3 Nh6 13. Nb3 Nf5 14. g4 Nh4 15. Nxh4
Bxh4 16. Nxd4 Be7 17. Be3 Qc8 18. Nf3 Qc7 19. Qd2 Rd8 20. Bf4 d6 21. exd6 Bxd6
22. Bxd6 Qxd6 23. Qxd6 Rxd6 24. Rad1 Rxd1 25. Rxd1 Ke7 26. Nd4 Nxd4 27. Rxd4
Bxg2 28. Kxg2 Rc8 29. b3 Rc5 30. Kf3 f6 31. Rd2 Rc8 32. Ke3 Rc7 33. f4 Rc6 34.
Ke4 g6 35. h4 f5+ 36. gxf5 gxf5+ 37. Ke3 Rc8 38. Rg2 Kf6 39. Kd4 Kf7 40. c5 Rc7
41. Kc4 Kf6 42. Re2 Ke7 43. Kb5 Kd7 44. Rd2+ Kc8 45. Rd6 1-0

[Event "18th HZ Open 2014"]
[Site "Vlissingen NED"]
[Date "2014.08.03"]
[Round "2.49"]
[White "Westerweele, H."]
[Black "Roos, Ad"]
[Result "0-1"]
[WhiteElo "1960"]
[BlackElo "2211"]
[PlyCount "72"]
[EventDate "2014.08.02"]
[EventType "swiss"]
[EventRounds "9"]
[EventCountry "NED"]
[Source "Mark Crowther"]
[SourceDate "2014.08.04"]

1. e4 c5 2. c3 Nf6 3. e5 Nd5 4. d4 cxd4 5. Nf3 e6 6. cxd4 d6 7. Bc4 Nb6 8. Bb3
dxe5 9. Nxe5 Nc6 10. Nxc6 bxc6 11. O-O Be7 12. Nc3 O-O 13. Bf4 a5 14. a4 Ba6
15. Re1 Bc4 16. Bc2 g6 17. Be5 Nd7 18. Bf4 Nf6 19. Re3 Nd5 20. Nxd5 Bxd5 21.
Rh3 Bf6 22. b3 Ra7 23. Rb1 Rd7 24. Rd3 Bg7 25. Qe2 Qb6 26. Rbd1 Re8 27. Qe3 Rc8
28. Rc3 Qd8 29. Rcd3 Bf8 30. Bg5 f6 31. Bf4 g5 32. Bg3 Rg7 33. Qe2 Qe8 34. Re3
Qf7 35. Be4 Bxe4 36. Rxe4 f5 0-1

[Event "18th HZ Open 2014"]
[Site "Vlissingen NED"]
[Date "2014.08.03"]
[Round "3.1"]
[White "Verstraeten, R."]
[Black "Bu Xiangzhi"]
[Result "0-1"]
[WhiteElo "2298"]
[BlackElo "2707"]
[PlyCount "44"]
[EventDate "2014.08.02"]
[EventType "swiss"]
[EventRounds "9"]
[EventCountry "NED"]
[Source "Mark Crowther"]
[SourceDate "2014.08.04"]

1. d4 Nf6 2. c4 e6 3. Nc3 Bb4 4. e3 O-O 5. Nge2 Re8 6. a3 Bf8 7. g3 d5 8. cxd5
exd5 9. Bg2 c6 10. O-O Na6 11. b4 Nc7 12. f3 a5 13. Rb1 axb4 14. axb4 Bf5 15.
Rb3 Na6 16. b5 Nb4 17. Qd2 c5 18. g4 Bd3 19. g5 Bc4 20. Rb1 Nd7 21. f4 Nb6 22.
Rf3 Bd3 0-1

[Event "18th HZ Open 2014"]
[Site "Vlissingen NED"]
[Date "2014.08.03"]
[Round "3.2"]
[White "Fedorchuk, S."]
[Black "Pucher, S."]
[Result "1-0"]
[WhiteElo "2665"]
[BlackElo "2293"]
[PlyCount "69"]
[EventDate "2014.08.02"]
[EventType "swiss"]
[EventRounds "9"]
[EventCountry "NED"]
[Source "Mark Crowther"]
[SourceDate "2014.08.04"]

1. e4 Nf6 2. e5 Nd5 3. d4 d6 4. Nf3 g6 5. Bc4 Nb6 6. Bb3 Bg7 7. a4 a5 8. Qe2
O-O 9. h3 dxe5 10. dxe5 Na6 11. Be3 Nd5 12. O-O Nxe3 13. Qxe3 e6 14. Nc3 b6 15.
Nd4 Bb7 16. f4 Qe7 17. Rad1 Rad8 18. Rd2 Rd7 19. Rfd1 Rfd8 20. Bc4 Nb4 21. Bb5
c6 22. Be2 Nd5 23. Nxd5 exd5 24. Bg4 Rc7 25. c4 Ba6 26. cxd5 cxd5 27. Kh1 Qe8
28. Qb3 Bc8 29. Bxc8 Rcxc8 30. Nb5 Bf8 31. Nc3 Qc6 32. Nxd5 Kg7 33. f5 gxf5 34.
Nf6 Rxd2 35. Qg3+ 1-0

[Event "18th HZ Open 2014"]
[Site "Vlissingen NED"]
[Date "2014.08.03"]
[Round "3.3"]
[White "Mostertman, M."]
[Black "Krasenkow, M."]
[Result "0-1"]
[WhiteElo "2284"]
[BlackElo "2628"]
[PlyCount "76"]
[EventDate "2014.08.02"]
[EventType "swiss"]
[EventRounds "9"]
[EventCountry "NED"]
[Source "Mark Crowther"]
[SourceDate "2014.08.04"]

1. e4 g6 2. d4 Bg7 3. Nc3 c6 4. Nf3 d6 5. h3 Nf6 6. a4 a5 7. Bc4 O-O 8. Bb3 d5
9. e5 Ne8 10. Bf4 f6 11. Qe2 Nc7 12. O-O-O Ne6 13. Bg3 Bh6+ 14. Kb1 f5 15. Bh2
b6 16. Rdg1 Na6 17. g4 fxg4 18. hxg4 Rf7 19. Bg3 Qf8 20. Rh4 Rxf3 21. Rgh1 Bg7
22. Rxh7 Nxd4 23. Qe4 Qf7 24. Qxd4 Be6 25. Qxb6 Nb4 26. Qd4 Rc8 27. Qc5 Bxg4
28. R7h4 Be6 29. Qxa5 c5 30. Qb6 Qf5 31. Qb7 c4 32. Qxb4 cxb3 33. Qxe7 Rfxc3
34. Rh8+ Bxh8 35. Qh7+ Kf8 36. Qxh8+ Bg8 37. bxc3 Qxc2+ 38. Ka1 Qa2# 0-1

[Event "18th HZ Open 2014"]
[Site "Vlissingen NED"]
[Date "2014.08.03"]
[Round "3.4"]
[White "Ernst, S."]
[Black "Sanders, I."]
[Result "1-0"]
[WhiteElo "2566"]
[BlackElo "2282"]
[PlyCount "49"]
[EventDate "2014.08.02"]
[EventType "swiss"]
[EventRounds "9"]
[EventCountry "NED"]
[Source "Mark Crowther"]
[SourceDate "2014.08.04"]

1. d4 Nf6 2. Nf3 e6 3. c4 b6 4. e3 Bb7 5. Bd3 Be7 6. b3 O-O 7. O-O d5 8. cxd5
exd5 9. Ba3 Bxa3 10. Nxa3 Qe7 11. Nb5 c5 12. Rc1 Nc6 13. Re1 Rfe8 14. dxc5 bxc5
15. Nc3 Rad8 16. Na4 Ne4 17. Bb5 a6 18. Bxc6 Bxc6 19. Nxc5 Nxc5 20. Qc2 d4 21.
Qxc5 Qxc5 22. Rxc5 Bxf3 23. gxf3 d3 24. Rd1 Re6 25. Rxd3 1-0

[Event "18th HZ Open 2014"]
[Site "Vlissingen NED"]
[Date "2014.08.03"]
[Round "3.5"]
[White "Zwirs, Nico"]
[Black "Van den Doel, E."]
[Result "1/2-1/2"]
[WhiteElo "2284"]
[BlackElo "2554"]
[PlyCount "203"]
[EventDate "2014.08.02"]
[EventType "swiss"]
[EventRounds "9"]
[EventCountry "NED"]
[Source "Mark Crowther"]
[SourceDate "2014.08.04"]

1. e4 e5 2. Nf3 Nc6 3. Bc4 Bc5 4. d3 Nf6 5. Nc3 d6 6. Bg5 h6 7. Bxf6 Qxf6 8.
Nd5 Qd8 9. c3 a6 10. d4 Ba7 11. h3 O-O 12. O-O Re8 13. Re1 Nb8 14. Qd3 c6 15.
Ne3 d5 16. Bb3 dxe4 17. Qxe4 exd4 18. Qf4 Be6 19. Nxd4 Bxb3 20. axb3 Nd7 21.
Nef5 Qf6 22. Qc7 Bxd4 23. Nxd4 Nc5 24. Rad1 Rac8 25. Qg3 Ne4 26. Qf3 Qxf3 27.
Nxf3 Kf8 28. b4 Nf6 29. Nd4 Rxe1+ 30. Rxe1 c5 31. bxc5 Rxc5 32. f4 Nd7 33. Kf2
Nb6 34. g4 Na4 35. Re2 Rd5 36. Kf3 Rd6 37. Rc2 b5 38. Ke3 Nb6 39. Ke4 Rd8 40.
b3 Re8+ 41. Kf3 Rc8 42. Ra2 Rxc3+ 43. Kf2 Nd5 44. Rxa6 Nxf4 45. h4 b4 46. Nf5
Kg8 47. h5 Rxb3 48. Ra8+ Kh7 49. Ra7 Nh3+ 50. Kg2 Ng5 51. Nd6 Rf3 52. Rb7 Rf4
53. Kg3 Rf3+ 54. Kg2 g6 55. hxg6+ Kxg6 56. Rxb4 Ra3 57. Nf5 Ne6 58. Nh4+ Kf6
59. Nf3 Ra2+ 60. Kg3 Re2 61. Rc4 Kg7 62. Nd4 Re3+ 63. Kf2 Re5 64. Nxe6+ fxe6
65. Kf3 Kf6 66. Rc8 Rg5 67. Kf4 e5+ 68. Kf3 Rg6 69. Rf8+ Ke6 70. Rd8 Ke7 71.
Ra8 Rb6 72. Rh8 Kf7 73. Ke4 Kg7 74. Re8 Kf6 75. Rf8+ Kg5 76. Kxe5 Kxg4 77. Rg8+
Kf3 78. Rf8+ Kg4 79. Rg8+ Kh3 80. Kf4 h5 81. Kf3 Rf6+ 82. Ke2 h4 83. Rg7 Kh2
84. Rg8 h3 85. Rg7 Kh1 86. Rg8 Ra6 87. Rg3 Kh2 88. Rg8 Ra2+ 89. Kf1 Rg2 90. Rh8
Rg7 91. Kf2 Rf7+ 92. Ke2 Rg7 93. Kf2 Rf7+ 94. Ke2 Kg2 95. Rg8+ Kh1 96. Rg3 h2
97. Rg8 Ra7 98. Kf2 Ra1 99. Rg7 Rg1 100. Ra7 Rg2+ 101. Kf3 Rg7 102. Rxg7
1/2-1/2

[Event "18th HZ Open 2014"]
[Site "Vlissingen NED"]
[Date "2014.08.03"]
[Round "3.6"]
[White "Ikonnikov, Vy"]
[Black "Kevlishvili, Robby"]
[Result "1-0"]
[WhiteElo "2551"]
[BlackElo "2277"]
[PlyCount "65"]
[EventDate "2014.08.02"]
[EventType "swiss"]
[EventRounds "9"]
[EventCountry "NED"]
[Source "Mark Crowther"]
[SourceDate "2014.08.04"]

1. d4 d5 2. Nf3 Nf6 3. c4 c6 4. Nc3 e6 5. Bg5 h6 6. Bxf6 Qxf6 7. e3 Nd7 8. Bd3
g6 9. O-O Bg7 10. e4 dxc4 11. Bxc4 O-O 12. Re1 Rd8 13. e5 Qe7 14. Qe2 b5 15.
Bd3 b4 16. Na4 c5 17. Rac1 cxd4 18. Rc7 Qf8 19. Qe4 Rb8 20. h4 h5 21. Rxa7 b3
22. a3 Nc5 23. Nxc5 Qxc5 24. Rxf7 Kxf7 25. Ng5+ Kg8 26. Qxg6 Rb7 27. Kh2 Kf8
28. Re4 Bxe5+ 29. f4 Bg7 30. Rxe6 Re7 31. Rc6 Qa5 32. Bc4 Qf5 33. Nh7# 1-0

[Event "18th HZ Open 2014"]
[Site "Vlissingen NED"]
[Date "2014.08.03"]
[Round "3.7"]
[White "Beerdsen, Thomas"]
[Black "Hausrath, D."]
[Result "0-1"]
[WhiteElo "2282"]
[BlackElo "2530"]
[PlyCount "56"]
[EventDate "2014.08.02"]
[EventType "swiss"]
[EventRounds "9"]
[EventCountry "NED"]
[Source "Mark Crowther"]
[SourceDate "2014.08.04"]

1. e4 c5 2. Nf3 Nc6 3. d4 cxd4 4. Nxd4 g6 5. Nc3 Bg7 6. Be3 Nf6 7. Bc4 O-O 8.
Bb3 b6 9. O-O Bb7 10. f3 Qc7 11. Qd2 Rad8 12. Rae1 Qb8 13. Nxc6 dxc6 14. Qc1
Ba6 15. Rf2 Nd7 16. Ne2 c5 17. c3 Ne5 18. Bc2 e6 19. Bf4 Bc4 20. Ng3 Bxa2 21.
b3 c4 22. b4 Bb3 23. Bxb3 cxb3 24. Bxe5 Qxe5 25. Ne2 Qb5 26. f4 Qc4 27. e5 Rd3
28. Qa3 Rfd8 0-1